Statistics for Players Who Scored 60 or More Points

Click here to take the quiz!

General Stats

  • This quiz has been taken 14 times
  • The average score is 69 of 90

Answer Stats

HintAnswer% Correct
65Kobe Bryant
100%
60Kobe Bryant
100%
62Kobe Bryant
100%
81Kobe Bryant
100%
61Kobe Bryant
100%
60Kobe Bryant
100%
62Wilt Chamberlain
100%
65Wilt Chamberlain
100%
63Wilt Chamberlain
100%
63Wilt Chamberlain
100%
60Wilt Chamberlain
100%
62Wilt Chamberlain
100%
60Wilt Chamberlain
100%
62Wilt Chamberlain
100%
62Wilt Chamberlain
100%
61Wilt Chamberlain
100%
62Wilt Chamberlain
100%
65Wilt Chamberlain
100%
61Wilt Chamberlain
100%
61Wilt Chamberlain
100%
61Wilt Chamberlain
100%
61Wilt Chamberlain
100%
61Wilt Chamberlain
100%
100Wilt Chamberlain
100%
62Wilt Chamberlain
100%
65Wilt Chamberlain
100%
67Wilt Chamberlain
100%
78Wilt Chamberlain
100%
73Wilt Chamberlain
100%
73Wilt Chamberlain
100%
72Wilt Chamberlain
100%
66Wilt Chamberlain
100%
70Wilt Chamberlain
100%
68Wilt Chamberlain
100%
67Wilt Chamberlain
100%
60Wilt Chamberlain
100%
67Wilt Chamberlain
100%
67Wilt Chamberlain
100%
73Luka Doncic
92%
60Luka Doncic
92%
63Michael Jordan
92%
64Michael Jordan
92%
61Michael Jordan
92%
61Michael Jordan
92%
69Michael Jordan
92%
63Elgin Baylor
85%
64Elgin Baylor
85%
71Elgin Baylor
85%
61Elgin Baylor
85%
61Lebron James
85%
60Damian Lillard
77%
71Damian Lillard
77%
61Damian Lillard
77%
61Damian Lillard
77%
60Damian Lillard
77%
61Shaquille O'Neal
77%
60Stephen Curry
77%
62Stephen Curry
77%
61George Mikan
69%
60James Harden
69%
60James Harden
69%
61James Harden
69%
61James Harden
69%
63Jerry West
69%
70Joel Embiid
69%
60Allen Iverson
62%
60Klay Thompson
62%
60Larry Bird
62%
71David Robinson
54%
73David Thompson
54%
62Devin Booker
54%
70Devin Booker
54%
71Donovan Mitchell
54%
64Giannis Antetokounmpo
54%
61Karl Malone
54%
62Tracy McGrady
46%
62Carmelo Anthony
38%
62Karl-Anthony Towns
38%
60Karl-Anthony Towns
38%
60Kyrie Irving
38%
60Gilbert Arenas
31%
60Jayson Tatum
31%
60Kemba Walker
31%
60Bradley Beal
23%
63George Gervin
23%
68Pete Maravich
23%
60Bernard King
15%
63Joe Fulks
15%
64Rick Barry
8%
60Tom Chambers
8%

Score Distribution

Percentile by Number Answered

Percent of People with Each Score

Your Score History

You have not taken this quiz